000 nam a22 7a 4500
999 _c7192
_d7192
008 170728b xxu||||| |||| 00| 0 eng d
100 _93768
_aSmith T. Winston
245 _aRest
260 _aAmerica
_bNew Growth Press
_c2006